00470nam a2200157 a 450000500170000000800410001702000180005805000290007610000200010524500550012526000360018030000290021652100070024565000430025265000170029520140310183544.0110930s19uu xx 00 eng d a9780071754330 aHF 5549.5.P39b.K56 2011 aKlososky, Scott aManager's guide to social media /cScott Klososky. aNew York :bMcGraw Hill,c2011. a193 p. :bill. ;c24 cm. aMC aPersonal internet use in the workplace aSocial media